Tilastot visalle Etelä-Pohjanmaan kunnat

Klikkaa tästä pelataksesi tätä visaa!

Yleistilastot

  • Tätä visaa on pelattu 443 kertaa
    (236 viimeisimmän päivityksen jälkeen)
  • Keskiarvotulos 14 / 18

Vastaustilastot

VäkilukuKunta/Kaupunki% Oikein
63 913Seinäjoki
95%
9 506Alajärvi
87%
15 701Kauhava
86%
14 331Lapua
86%
11 416Alavus
85%
5 576Ähtäri
81%
13 172Kauhajoki
80%
20 550Kurikka
77%
2 967Lappajärvi
72%
2 812Vimpeli
72%
1 939Isojoki
70%
3 546Kuortane
70%
12 334Ilmajoki
69%
4 475Isokyrö
68%
2 045Soini
66%
5 043Teuva
66%
2 424Evijärvi
65%
1 229Karijoki
60%

Tulosjakauma

Persentiili vastausten määrän mukaan

Jokaisen tuloksen saaneiden osuus

Tuloshistoriasi

Et ole pelannut tätä visaa sen viimeisimmän päivityksen jälkeen